• 首页
  • 本馆介绍
  • 公告通知
  • 最新文献
  • 馆藏检索
  • 电子资源
  • 读者导购
  • 参考咨询
  • 我的图书馆
  • 登录
  • 详细信息显示
  • 放入我的书架
  • 预约/预借图书
  • 作者相关作品
  • 分类相关作品
  • 丛书相关作品
  • 出版社相关作品

书目信息

  • 表格格式
  • 工作单格式
  • 卡片格式
题名:
预约生命
    
 
作者: 高春鸿 著
分册:  
出版信息: 太原   北岳文艺出版社  2003
页数: 15,295页
开本: 23cm
丛书名: 母亲大学丛书
单 册:
中图分类: R715.3 , R174 , C913
科图分类:
主题词: 围产期--保健 , 新生儿--保健 , 社会生活 , 社会问题
电子资源:
ISBN: 7-5378-2448-7
000 00890oam2 2200301 450
001 1542096197
005 20150126114154.53
010    @a7-5378-2448-7@dCNY35.00
100    @a20030715d2003 em y0chiy50 ea
101 0  @achi
102    @aCN@b140000
105    @ay z 000yy
200 1  @a预约生命@9yu yue sheng ming@f高春鸿著
210    @a太原@c北岳文艺出版社@d2003
215    @a15,295页@d23cm
225 2  @a母亲大学丛书
330    @a本书对妇女妊娠期和围产期保健基本知识进行介绍,讲述了女性生殖系统基本知识,遗传与优生知识,环境、药物与优生的关系,以及分娩知识等。
461  0 @12001 @a母亲大学丛书
606 0  @a围产期@x保健
606 0  @a新生儿@x保健
606 0  @a社会生活
606 0  @a社会问题
690    @aR715.3@v5
690    @aR174@v5
690    @aC913@v4
701  0 @a高春鸿@9gao chun hong@f(196?~)@4著
801  0 @aCN@bTSSF@c20150126
905    @aZUCC@dC913@eJY65
    
    预约生命/高春鸿著.-太原:北岳文艺出版社,2003
    15,295页;23cm.-(母亲大学丛书)
    
    
    ISBN 7-5378-2448-7:CNY35.00
    本书对妇女妊娠期和围产期保健基本知识进行介绍,讲述了女性生殖系统基本知识,遗传与优生知识,环境、药物与优生的关系,以及分娩知识等。
●
相关链接 在E读中查询图书 在五车中查询图书 在当当中查询图书 在豆瓣中查询图书


正题名:预约生命     索取号:C913/JY65         预约/预借

序号 登录号 条形码 馆藏地/架位号 状态 备注
1 7859865   278598652   学院路分馆/ [索取号:C913/JY65] 在馆    
唐山师范学院图书馆 欢迎您!
大连网信软件有限公司© 版权所有